Cambridge Lower Secondary : (Record no. 6880)

MARC details
000 -LEADER
fixed length control field 01043nam a22002177a 4500
001 - CONTROL NUMBER
control field 6880
003 - CONTROL NUMBER IDENTIFIER
control field FISKH
005 - DATE AND TIME OF LATEST TRANSACTION
control field 20250604112227.0
008 - FIXED-LENGTH DATA ELEMENTS--GENERAL INFORMATION
fixed length control field 250604b cb ||||| |||| 00| 0 eng d
020 ## - INTERNATIONAL STANDARD BOOK NUMBER
International Standard Book Number 9781108742856
040 ## - CATALOGING SOURCE
Original cataloging agency FISKH
Language of cataloging eng
Transcribing agency FISKH
Modifying agency FISKH
082 ## - DEWEY DECIMAL CLASSIFICATION NUMBER
Classification number 500
100 ## - MAIN ENTRY--PERSONAL NAME
Personal name Jones, Mary
245 ## - TITLE STATEMENT
Title Cambridge Lower Secondary :
Remainder of title Workbook 8 /
Statement of responsibility, etc. By Mary Jones, Diane Fellowes-Freeman & Michael Smyth
250 ## - EDITION STATEMENT
Edition statement First published 2012
260 ## - PUBLICATION, DISTRIBUTION, ETC.
Place of publication, distribution, etc. New York :
Name of publisher, distributor, etc. Cambridge University Press ,
Date of publication, distribution, etc. 2012.
300 ## - PHYSICAL DESCRIPTION
Extent 202 pages :
Other physical details illustrations ;
Dimensions 30 cm .
520 ## - SUMMARY, ETC.
Summary, etc. Discover our new resources for the Cambridge International Primary and Lower Secondary Curriculum Frameworks These workbooks are full of activities to help you practise what you have learnt and encourage you to think and work scientifically. Focus, Practice and Challenge exercises provide clear progression so you can see what you have achieved. Your teacher may use them in the classroom, or to set your homework.
942 ## - ADDED ENTRY ELEMENTS (KOHA)
Source of classification or shelving scheme Dewey Decimal Classification
Koha item type Books
Suppress in OPAC No
Holdings
Withdrawn status Lost status Source of classification or shelving scheme Damaged status Not for loan Collection Home library Current library Shelving location Date acquired Total Checkouts Full call number Barcode Date last seen Price effective from Koha item type
    Dewey Decimal Classification     Reference Footprints International School Library Network Toul Tom Poung Campus Footprints International School Library Network Toul Tom Poung Campus TTP Secondary Non-Fiction Bookshelves 06/04/2025   JON 500 2025-1478 06/04/2025 06/04/2025 Books